[Event "Barcelona La Lira op 27th"]
[Site "Barcelona"]
[Date "2009.02.06"]
[Round "4"]
[White "Leiva Velasco, Antonio"]
[Black "Cahue Soria, Francisco"]
[Result "1-0"]
[WhiteElo "2164"]
[BlackElo "2027"]
[PlyCount "123"]
[EventDate "2009.01.16"]
[EventType "swiss"]
[EventRounds "8"]
[EventCountry "ESP"]
[SourceTitle "EXT 2011"]
[Source "ChessBase"]
[SourceDate "2010.11.26"]
[SourceVersion "1"]
[SourceVersionDate "2010.11.26"]
[SourceQuality "1"]

1. e4 c5 2. Nf3 e6 3. d4 cxd4 4. Nxd4 a6 5. Nc3 Qc7 6. g3 Bb4 7. Bd2 Nf6 8. Bg2 Nc6 9. Nxc6 dxc6 10. Na4 Be7 11. c4 b5 12. Nc3 Bb7 13. cxb5 cxb5 14. Rc1 0-0 15. Nd5 Qd8 16. Nxe7+ Qxe7 17. Qe2 a5 18. 0-0 b4 19. Rfd1 Ba6 20. Qe1 e5 21. Be3 Qe6 22. b3 h5 23. f3 Rfd8 24. Qf2 Rxd1+ 25. Rxd1 Bb5 26. Qd2 Rc8 27. Rc1 Rxc1+ 28. Qxc1 a4 29. Qc2 axb3 30. axb3 Nd7 31. Kf2 Nb8 32. Qc5 Ba6 33. Qxb4 Qc8 34. Qc5 Qb7 35. Qd5 Qc8 36. Bc5 Nd7 37. b4 Nxc5 38. bxc5 Qb8 39. Qd2 Qb5 40. Qc2 Kf8 41. h4 Qb4 42. Kg1 Qc4 43. Qxc4 Bxc4 44. Bf1 Be6 45. Kf2 Ke8 46. Ke3 Kd7 47. Bb5+ Kc7 48. Kd3 Bh3 49. Be8 f5 50. Bxh5 Bf1+ 51. Ke3 Kc6 52. exf5 Kxc5 53. g4 Bb5 54. Bg6 Kd6 55. g5 Bd7 56. h5 Ke7 57. Ke4 Kf8 58. Kxe5 Ba4 59. f6 Kg8 60. Be4 Be8 61. f7+ Kxf7 62. Bg6+ 1-0

[Event "Barcelona La Lira Spring op 1st"]
[Site "Barcelona"]
[Date "2008.04.17"]
[Round "3.12"]
[White "Martinez Hernandez, Emili"]
[Black "Cahue Soria, Francisco"]
[Result "1/2-1/2"]
[WhiteElo "1933"]
[BlackElo "1966"]
[PlyCount "122"]
[EventDate "2008.04.03"]
[EventType "swiss"]
[EventRounds "8"]
[EventCountry "ESP"]
[SourceTitle "EXT 2024"]
[Source "ChessBase"]
[SourceDate "2023.10.10"]
[SourceVersion "1"]
[SourceVersionDate "2023.10.10"]
[SourceQuality "1"]

1. d4 Nf6 2. Nf3 d5 3. c4 e6 4. e3 c6 5. Bd3 Nbd7 6. 0-0 Be7 7. Nbd2 0-0 8. b3 Re8 9. Bb2 a5 10. Qc1 a4 11. e4 dxe4 12. Nxe4 Nxe4 13. Bxe4 axb3 14. axb3 Rxa1 15. Qxa1 Bf6 16. Rd1 Qc7 17. Bc2 b5 18. Nd2 e5 19. Ne4 bxc4 20. bxc4 c5 21. Nxf6+ Nxf6 22. dxe5 Nh5 23. Be4 Nf4 24. Qa4 Rd8 25. Rxd8+ Qxd8 26. Bd5 Bd7 27. Qc2 Qg5 28. f3 Bf5 29. Be4 Nh3+ 30. Kf1 Qe3 31. Bxf5 Qg1+ 32. Ke2 Qxg2+ 33. Ke1 Qg1+ 34. Kd2 Qxh2+ 35. Kc1 Qg1+ 36. Qd1 Qg5+ 37. Qd2 Nf4 38. Be4 g6 39. Kb1 Qg1+ 40. Ka2 Ne6 41. Bd5 Nd4 42. Qf4 Ne6 43. Qf6 Qd1 44. Bc6 Nd4 45. Qd8+ Kg7 46. Bxd4 cxd4 47. Qf6+ Kg8 48. Bd5 Qa4+ 49. Kb2 Qb4+ 50. Kc2 Qc3+ 51. Kd1 Qd3+ 52. Ke1 Qe3+ 53. Kf1 Qd3+ 54. Kg1 Qe3+ 55. Kg2 Qe2+ 56. Kg3 Qe1+ 57. Kg4 Qg1+ 58. Kf4 Qe3+ 59. Kg4 Qg1+ 60. Kh4 Qh1+ 61. Kg4 Qg1+ 1/2-1/2